| 000 | 01262cam a2200133 4500500 | ||
|---|---|---|---|
| 005 | 20251012002301.0 | ||
| 041 | _afre | ||
| 042 | _adc | ||
| 100 | 1 | 0 |
_aSapir, Jacques _eauthor |
| 245 | 0 | 0 | _aQuelle économie pour le XXIe siècle ? |
| 260 |
_bOdile Jacob,
_c2005. |
||
| 520 | _aL’économie n’est-elle que jeu d’intérêts particuliers ? La globalisation met-elle fin au rôle de l’État ? Les privatisations sont-elles un simple retour à la normale ? La dérégulation est-elle un impératif qui ne se discute pas ? Les délocalisations sont-elles un mal inéluctable ? Jacques Sapir plaide pour une conception de l’économie où les institutions (État, associations, syndicats, presse, entreprises, etc.) seraient des tuteurs de comportement la régulant et la maintenant sur le sentier de la croissance. La liberté des agents économiques est inconcevable sans institutions régulatrices !Jacques Sapir, économiste, est directeur d’études à l’École des hautes études en sciences sociales. Il a publié dernièrement Les Trous noirs de la science économique et Les Économistes contre la démocratie. | ||
| 856 | 4 | 1 | _uhttps://shs.cairn.info/quelle-economie-pour-le-xxie-siecle--9782738116499?lang=fr&redirect-ssocas=7080 |
| 999 |
_c1513074 _d1513074 |
||